000 00727nam a2200217Ia 4500
003 GCL
008 140319s9999 xx 000 0 ara d
040 _aGCL /
_cGCL
082 0 4 _a780.92
_bم ت
100 1 _aرتيبة الحفنى
245 1 0 _aالتاريخ الفنى للموسيقار رياض السنباطى 1906_1981 /
_cرتيبة الحفنى
700 1 _aمحمود كامل
700 1 _aايزيس فتح الله
250 _aالاولى
260 _aالقاهرة :
_bوزارة الثقافة ،
_c1993
300 _a191 ص ؛
_c26 سم
490 _aسلسلة بريزم للموسيقى (1)
_v1
650 0 4 _aالموسيقيون المصريون
650 0 4 _aالفن
942 _2ddc
_cBK
999 _c35649
_d35649